| 000 | 00879naa a22002657a 4500 | ||
|---|---|---|---|
| 001 | BR8104432 | ||
| 003 | BR-BrBNA | ||
| 005 | 20240918174756.0 | ||
| 007 | ta | ||
| 008 | 230509b bl.||||| |||| 00| 0 por d | ||
| 040 |
_aBR-BrBNA _bpor _cBiblioteca Nacional de Agricultura |
||
| 041 | _a(Pt) | ||
| 072 |
_aF00 _b0110 |
||
| 090 | _aF00 BR8104432 | ||
| 100 | 1 | _aSouza, M.A. de | |
| 245 | 1 | _aCompeticao de cultivares de cevada cervejeira [Hordeum vulgare] | |
| 260 | 3 |
_aBelo Horizonte, MG (Brasil): _c1981. |
|
| 500 | _aProjeto trigo. Relatorio 77/78 Belo Horizonte, MG (Brasil): 1981. p. 60-65 (BR8104432-AM)F00 | ||
| 650 | _aCEVADA | ||
| 650 | _aCOMPETICAO DE VARIEDADE | ||
| 650 | _aRENDIMENTO | ||
| 773 | 0 |
_tProjeto trigo. Relatorio 77/78 _wF00 BR8104432 _gBelo Horizonte, MG (Brasil), 1981. p. 60-65 |
|
| 909 |
_a202404 _bLucia _c55 _dLucia Elande |
||
| 942 |
_cAM _2AGRIS |
||
| 999 |
_c313501 _d313501 |
||